<?xml version="1.0" encoding="UTF-8"?>
<record
    xmlns:xsi="http://www.w3.org/2001/XMLSchema-instance"
    xsi:schemaLocation="http://www.loc.gov/MARC21/slim http://www.loc.gov/standards/marcxml/schema/MARC21slim.xsd"
    xmlns="http://www.loc.gov/MARC21/slim">

  <leader>01430nam0a22002651  4500</leader>
  <controlfield tag="001">rc\2901949</controlfield>
  <controlfield tag="005">20260406090656.0</controlfield>
  <datafield tag="035" ind1=" " ind2=" ">
    <subfield code="a">(NLR Aleph) 007053232</subfield>
  </datafield>
  <datafield tag="090" ind1=" " ind2=" ">
    <subfield code="a">6211834</subfield>
    <subfield code="c">6211833</subfield>
  </datafield>
  <datafield tag="100" ind1=" " ind2=" ">
    <subfield code="a">20110802d1934    |||y0rusy50      ca</subfield>
  </datafield>
  <datafield tag="101" ind1="0" ind2=" ">
    <subfield code="a">rus</subfield>
  </datafield>
  <datafield tag="102" ind1=" " ind2=" ">
    <subfield code="a">RU</subfield>
  </datafield>
  <datafield tag="105" ind1=" " ind2=" ">
    <subfield code="a">a   z   |||||</subfield>
  </datafield>
  <datafield tag="200" ind1="1" ind2=" ">
    <subfield code="a">&#x410;&#x433;&#x440;&#x43E;&#x43F;&#x440;&#x430;&#x432;&#x438;&#x43B;&#x430; &#x43F;&#x43E; &#x43A;&#x443;&#x43B;&#x44C;&#x442;&#x443;&#x440;&#x435; &#x432;&#x438;&#x43D;&#x43E;&#x433;&#x440;&#x430;&#x434;&#x430; &#x432; &#x437;&#x43E;&#x43D;&#x435; &#x414;&#x430;&#x433;&#x435;&#x441;&#x442;&#x430;&#x43D;&#x441;&#x43A;&#x43E;&#x439; &#x43E;&#x43F;&#x44B;&#x442;&#x43D;&#x43E;&#x439; &#x437;&#x43E;&#x43D;&#x430;&#x43B;&#x44C;&#x43D;&#x43E;&#x439; &#x441;&#x442;&#x430;&#x43D;&#x446;&#x438;&#x438; &#x43F;&#x43E; &#x432;&#x438;&#x43D;&#x43E;&#x433;&#x440;&#x430;&#x434;&#x430;&#x440;&#x441;&#x442;&#x432;&#x443; &#x438; &#x432;&#x438;&#x43D;&#x43E;&#x434;&#x435;&#x43B;&#x438;&#x44E;</subfield>
    <subfield code="e">(&#x412; &#x43F;&#x43E;&#x440;&#x430;&#x439;&#x43E;&#x43D;. &#x440;&#x430;&#x437;&#x440;&#x435;&#x437;&#x435;)</subfield>
    <subfield code="f">&#x410;.&#x41C;. &#x410;&#x43D;&#x438;&#x441;&#x438;&#x43C;&#x43E;&#x432;. &#x41F;.&#x412;. &#x421;&#x442;&#x430;&#x440;&#x438;&#x447;&#x435;&#x43D;&#x43A;&#x43E;</subfield>
  </datafield>
  <datafield tag="210" ind1=" " ind2=" ">
    <subfield code="a">&#x41C;&#x430;&#x445;&#x430;&#x447;-&#x41A;&#x430;&#x43B;&#x430;</subfield>
    <subfield code="c">&#x414;&#x430;&#x433;&#x433;&#x438;&#x437;</subfield>
    <subfield code="d">1934</subfield>
    <subfield code="g">&#x442;&#x438;&#x43F;. &#x414;&#x430;&#x433;&#x43F;&#x43E;&#x43B;&#x438;&#x433;&#x440;&#x430;&#x444;&#x442;&#x440;&#x435;&#x441;&#x442;&#x430;</subfield>
  </datafield>
  <datafield tag="215" ind1=" " ind2=" ">
    <subfield code="a">&#x41E;&#x431;&#x43B;., 23 &#x441;.</subfield>
    <subfield code="c">&#x438;&#x43B;.</subfield>
    <subfield code="d">18&#x445;13 &#x441;&#x43C;</subfield>
  </datafield>
  <datafield tag="225" ind1="1" ind2=" ">
    <subfield code="a">&#x421;&#x435;&#x440;&#x438;&#x44F; &#x43F;&#x43E;&#x43F;&#x443;&#x43B;&#x44F;&#x440;&#x43D;&#x44B;&#x445; &#x438;&#x437;&#x434;&#x430;&#x43D;&#x438;&#x439;</subfield>
    <subfield code="f">&#x41D;&#x41A;&#x417; &#x414;&#x410;&#x421;&#x421;&#x420;. &#x41D;&#x430;&#x443;&#x447;.-&#x438;&#x441;&#x441;&#x43B;&#x435;&#x434;. &#x438;&#x43D;-&#x442; &#x44D;&#x43A;&#x43E;&#x43D;&#x43E;&#x43C;&#x438;&#x43A;&#x438; &#x438; &#x43E;&#x440;&#x433;-&#x446;&#x438;&#x438; &#x441;&#x43E;&#x446;&#x437;&#x435;&#x43C;&#x43B;&#x435;&#x434;&#x435;&#x43B;&#x438;&#x44F;. &#x414;&#x430;&#x433;&#x435;&#x441;&#x442;&#x430;&#x43D;. &#x437;&#x43E;&#x43D;&#x430;&#x43B;&#x44C;&#x43D;&#x430;&#x44F; &#x43E;&#x43F;&#x44B;&#x442;. &#x441;&#x442;&#x430;&#x43D;&#x446;&#x438;&#x44F; &#x43F;&#x43E; &#x432;&#x438;&#x43D;&#x43E;&#x433;&#x440;&#x430;&#x434;&#x430;&#x440;&#x441;&#x442;&#x432;&#x443; &#x438; &#x432;&#x438;&#x43D;&#x43E;&#x434;&#x435;&#x43B;&#x438;&#x44E;</subfield>
    <subfield code="v">&#x2116; 1</subfield>
    <subfield code="a">&#x41E;&#x442;&#x434;&#x435;&#x43B; &#x430;&#x433;&#x440;&#x43E;&#x442;&#x435;&#x445;&#x43D;&#x438;&#x43A;&#x438;</subfield>
  </datafield>
  <datafield tag="700" ind1=" " ind2="1">
    <subfield code="4">070</subfield>
    <subfield code="7">ca</subfield>
    <subfield code="8">rus</subfield>
    <subfield code="a">&#x410;&#x43D;&#x438;&#x441;&#x438;&#x43C;&#x43E;&#x432;</subfield>
    <subfield code="b">&#x410;. &#x41C;.</subfield>
    <subfield code="c">&#x430;&#x433;&#x440;&#x43E;&#x43D;&#x43E;&#x43C;</subfield>
    <subfield code="f">1888-1938</subfield>
    <subfield code="g">&#x410;&#x431;&#x440;&#x430;&#x43C; &#x41C;&#x43E;&#x438;&#x441;&#x435;&#x435;&#x432;&#x438;&#x447;</subfield>
    <subfield code="3">RU\NLR\AUTH\770281209</subfield>
    <subfield code="9">2653176</subfield>
  </datafield>
  <datafield tag="701" ind1=" " ind2="1">
    <subfield code="a">&#x421;&#x442;&#x430;&#x440;&#x438;&#x447;&#x435;&#x43D;&#x43A;&#x43E;</subfield>
    <subfield code="b">&#x41F;.&#x412;.</subfield>
  </datafield>
  <datafield tag="801" ind1=" " ind2="0">
    <subfield code="a">RU</subfield>
    <subfield code="b">NLR</subfield>
    <subfield code="g">psbo</subfield>
  </datafield>
  <datafield tag="801" ind1=" " ind2="1">
    <subfield code="a">RU</subfield>
    <subfield code="b">ELAR</subfield>
    <subfield code="2">rusmarc</subfield>
  </datafield>
  <datafield tag="852" ind1=" " ind2=" ">
    <subfield code="a">NLR</subfield>
    <subfield code="j">34-16/217(1)</subfield>
  </datafield>
  <datafield tag="942" ind1=" " ind2=" ">
    <subfield code="c">BOOK</subfield>
  </datafield>
  <datafield tag="980" ind1=" " ind2=" ">
    <subfield code="a">NB</subfield>
  </datafield>
  <datafield tag="995" ind1=" " ind2=" ">
    <subfield code="5">2013-10-26</subfield>
    <subfield code="b">NLR02</subfield>
    <subfield code="c">NLR02</subfield>
    <subfield code="e">RFS</subfield>
    <subfield code="f">7053232-10</subfield>
    <subfield code="k">34-16/217(1)</subfield>
    <subfield code="o">0</subfield>
    <subfield code="r">BOOK</subfield>
    <subfield code="s">34162171_</subfield>
  </datafield>
</record>
